Calcul - Nombre au carré de 1 à 25 - Statistiques

Statistiques générales
  • Ce quiz a été pris 934 fois
  • Le résultat moyen est 19 sur 25
Statistiques - réponses
Hint Réponse % Correct
1
100%
16
99%
25
99%
4
99%
9
99%
36
98%
10² 100
97%
49
97%
81
97%
64
96%
11² 121
92%
12² 144
88%
13² 169
79%
15² 225
76%
14² 196
73%
20² 400
70%
16² 256
63%
17² 289
53%
18² 324
50%
19² 361
50%
21² 441
49%
25² 625
47%
22² 484
45%
23² 529
39%
24² 576
36%
Aucun quiz correspondant
Distribution des résultats
% des personnes avec chaque résultat
Percentile par nombre de réponses
Votre historique - résultats
Vous n’avez pas pris ce quiz